000 00567nam a2200193 i 4500
001 45151
003 ES-MaACL
005 20251004063105.0
007 t|
008 030325s1915 sp ||||1| spa d
100 1 _aCodorniu y Stárico, Ricardo,
_d1846-1923
_939445
245 1 4 _aUna explotación minera /
_cR. Codorniu.
260 _aMurcia :
_b[s.n.],
_c1915 (
_fImp. "El Tiempo")
300 _a12 p. ;
_c15 cm.
650 0 4 _aNaturaleza-
_xProtección.
_915485
650 0 4 _aMinería.
_915054
852 _aES-MaACL
_jT-1459-F-1
999 _c45151
_d45151